UM Logo

Credit risk management practices of selected financial institutions in Digos City: (Record no. 14820)

MARC details
000 -LEADER
fixed length control field 00692nam a22001937a 4500
003 - CONTROL NUMBER IDENTIFIER
control field OSt
005 - DATE AND TIME OF LATEST TRANSACTION
control field 20200109103912.0
008 - FIXED-LENGTH DATA ELEMENTS--GENERAL INFORMATION
fixed length control field 200109b ||||| |||| 00| 0 eng d
040 ## - CATALOGING SOURCE
Transcribing agency UMDC
082 ## - DEWEY DECIMAL CLASSIFICATION NUMBER
Edition number 2019
Classification number UT 1375
Item number N34
100 ## - MAIN ENTRY--PERSONAL NAME
Personal name Meralyn P. Nengasca
9 (RLIN) 41074
245 ## - TITLE STATEMENT
Title Credit risk management practices of selected financial institutions in Digos City:
Statement of responsibility, etc. Meralyn P. Nengasca and Kareen Kate Andriatico
260 ## - PUBLICATION, DISTRIBUTION, ETC. (IMPRINT)
Place of publication, distribution, etc. Digos City:
Name of publisher, distributor, etc. UMDC
Date of publication, distribution, etc. November 2019
300 ## - PHYSICAL DESCRIPTION
Extent 79 pages;
Dimensions 30 cm.
650 ## - SUBJECT ADDED ENTRY--TOPICAL TERM
Topical term or geographic name as entry element Business Administration
Form subdivision Financial Management
General subdivision Undergraduate thesis:
9 (RLIN) 41075
700 ## - ADDED ENTRY--PERSONAL NAME
Personal name Nengasca, Meralyn P.
9 (RLIN) 41076
700 ## - ADDED ENTRY--PERSONAL NAME
Personal name Kareen Kate Andriatico,
9 (RLIN) 41077
942 ## - ADDED ENTRY ELEMENTS (KOHA)
Source of classification or shelving scheme Dewey Decimal Classification
Koha item type Undergraduate Thesis
Holdings
Withdrawn status Lost status Source of classification or shelving scheme Damaged status Not for loan Collection code Home library Current library Date acquired Total Checkouts Full call number Barcode Date last seen Price effective from Koha item type
    Dewey Decimal Classification     Undergraduate Theses UM Digos College - LIC UM Digos College - LIC 11/29/2019   UT 1375 N34 2019 UT 1375 01/09/2020 01/09/2020 Undergraduate Thesis